[Event "DIJA DIGA"]
[Site "SchemingMind.com"]
[Date "2022.04.04"]
[Round "-"]
[White "Kenny Elliott"]
[Black "Louis Lima"]
[Result "0-1"]
[WhiteCountry "USA"]
[BlackCountry "ESP"]
[WhiteElo "1515"]
[WhiteRD "74"]
[BlackElo "1873"]
[BlackRD "67"]
[GameID "722161"]

1. d4 d6 2. e4 Nf6 3. Nc3 e5 4. dxe5 dxe5 5. Nf3 Qxd1+ 6. Nxd1 Nxe4 7. Bc4 Bc5 8. Be3 Bxe3 9. Nxe3 Nc6 10. O-O Nd6
11. Rad1 Nxc4 12. Nxc4 f6 13. Rfe1 Be6 14. Ne3 Ke7 15. Nd5+ Bxd5 16. Rxd5 Rhd8 17. Rb5 b6 18. Rb3 Na5 19. Rb4 c5 20. Rg4 g5
21. h4 h5 22. Rge4 g4 23. Nxe5 fxe5 24. Rxe5+ Kf7 25. Rxh5 Re8 26. Rf5+ Kg6 27. Rg5+ Kh6 28. Rxe8 Rxe8 29. Rxg4 Re2 30. b4 cxb4
31. Rxb4 Rxc2 32. a4 Rc4 33. Rxc4 Nxc4 34. g3 Nb2 35. Kg2 Nxa4 36. g4 Nc5 37. f4 a5 38. f5 a4 39. g5+ Kg7 40. h5 Nd7
41. h6+ Kh7 42. f6 Nxf6
0-1

[Event "DIJA DIGA"]
[Site "SchemingMind.com"]
[Date "2022.04.04"]
[Round "-"]
[White "Louis Lima"]
[Black "Kenny Elliott"]
[Result "1-0"]
[WhiteCountry "ESP"]
[BlackCountry "USA"]
[WhiteElo "1873"]
[WhiteRD "67"]
[BlackElo "1515"]
[BlackRD "74"]
[GameID "722162"]

1. e4 c5 2. Nf3 d5 3. exd5 Qxd5 4. Nc3 Qe6+ 5. Be2 Qg6 6. O-O Bh3 7. Nh4 Qg5 8. Bb5+ Kd8 9. Qf3 Nd7 10. Qxh3 Ngf6
11. d4 Qg4 12. Qxg4 Nxg4 13. Bxd7 Kxd7 14. dxc5 Ke8 15. Be3 Nxe3 16. fxe3 e6 17. Na4 Be7 18. Nf3 h5 19. Rad1 g5 20. Ne5 g4
21. c6 bxc6 22. Nxc6 a5 23. Nxe7 Kxe7 24. Rf4 Rac8 25. c3 f6 26. Rfd4 Rcd8 27. Rxd8 Rxd8 28. Rxd8 Kxd8 29. Kf2 Ke7 30. e4 Kd6
31. Ke3 Ke5 32. c4 f5 33. exf5 Kxf5 34. c5 e5 35. a3 h4 36. b4
1-0

[Event "DIJA DIGA"]
[Site "SchemingMind.com"]
[Date "2022.04.04"]
[Round "-"]
[White "Kenny Elliott"]
[Black "Derek Price"]
[Result "0-1"]
[WhiteCountry "USA"]
[BlackCountry "ENG"]
[WhiteElo "1515"]
[WhiteRD "74"]
[BlackElo "2344"]
[BlackRD "73"]
[GameID "722163"]

1. d4 d5 2. c4 c6 3. Nc3 Nf6 4. Nf3 e6 5. Bg5 h6 6. Bh4 dxc4 7. e4 g5 8. Bg3 b5 9. Be5 Nbd7 10. Be2 Nxe5
11. dxe5 Qxd1+ 12. Rxd1 Nd7 13. O-O Bg7 14. b4 Nxe5 15. Nb1 Nxf3+ 16. Bxf3 Be5 17. Bh5 Ke7 18. f4 gxf4 19. g3 Rg8 20. Nd2 Bd4+
21. Kh1 e5 22. gxf4 Bh3 23. fxe5 Bg2#
0-1

[Event "DIJA DIGA"]
[Site "SchemingMind.com"]
[Date "2022.04.04"]
[Round "-"]
[White "Derek Price"]
[Black "Kenny Elliott"]
[Result "1-0"]
[WhiteCountry "ENG"]
[BlackCountry "USA"]
[WhiteElo "2334"]
[WhiteRD "74"]
[BlackElo "1538"]
[BlackRD "73"]
[GameID "722164"]

1. c4 c5 2. Nf3 Nf6 3. Nc3 Nc6 4. g3 b6 5. Bg2 Bb7 6. O-O e6 7. e4 e5 8. d3 Be7 9. Nh4 Nd4 10. f4 O-O
11. fxe5 Ne8 12. Nf5 d6 13. Nxd4 cxd4 14. exd6 Bxd6 15. Nd5 Bxd5 16. cxd5 a5 17. Bf4 Nc7 18. e5 Bc5 19. d6 Ne6 20. Bxa8 Nxf4
21. Rxf4 Qxa8 22. Qb3 Bb4 23. Raf1 Qe8 24. e6 Bxd6 25. exf7+ Rxf7 26. Rxf7
1-0

[Event "DIJA DIGA"]
[Site "SchemingMind.com"]
[Date "2022.04.04"]
[Round "-"]
[White "Kenny Elliott"]
[Black "Don71"]
[Result "0-1"]
[WhiteCountry "USA"]
[BlackCountry "NIR"]
[WhiteElo "1558"]
[WhiteRD "70"]
[BlackElo "2352"]
[BlackRD "108"]
[GameID "722165"]

1. d4 Nf6 2. Bf4 c5 3. d5 d6 4. Nc3 e5 5. dxe6 Bxe6 6. e4 Nc6 7. Bb5 a6 8. Bxc6+ bxc6 9. Qf3 d5 10. exd5 cxd5
11. Nge2 Be7 12. O-O O-O 13. Rad1 d4 14. Ne4 Qd7 15. c3 Bd5 16. N2g3 Nxe4 17. Nxe4 f5 18. cxd4 fxe4 19. Qg3 Qf5 20. dxc5 Bc4
21. Bh6 Rf7 22. Rfe1 Bxc5 23. Be3 Bb4 24. Bd2 e3 25. Qxe3 Bc5 26. Qc3 Qxf2+ 27. Kh1 Bf1 28. Rxf1 Qxf1+ 29. Rxf1 Rxf1#
0-1

[Event "DIJA DIGA"]
[Site "SchemingMind.com"]
[Date "2022.04.04"]
[Round "-"]
[White "Don71"]
[Black "Kenny Elliott"]
[Result "1-0"]
[WhiteCountry "NIR"]
[BlackCountry "USA"]
[WhiteElo "2352"]
[WhiteRD "108"]
[BlackElo "1558"]
[BlackRD "70"]
[GameID "722166"]

1. e4 c5 2. Nf3 d6 3. Bb5+ Bd7 4. Bxd7+ Nxd7 5. O-O Ngf6 6. d3 e5 7. Nc3 Be7 8. Nh4 Qc7 9. Nf5 Nb6 10. Nxg7+ Kd7
11. a4 a5 12. Nf5 Rhg8 13. h4 Rg6 14. Bg5 Rag8 15. f4 c4 16. d4 Nc8 17. fxe5 dxe5 18. Nxe7 Nxe7 19. Rxf6 Kc8 20. Nb5 Qd8
21. Rxf7
1-0

[Event "DIJA DIGA"]
[Site "SchemingMind.com"]
[Date "2022.04.04"]
[Round "-"]
[White "Kenny Elliott"]
[Black "Goz"]
[Result "1-0"]
[WhiteCountry "USA"]
[BlackCountry "ENG"]
[WhiteElo "1538"]
[WhiteRD "73"]
[BlackElo "1407"]
[BlackRD "75"]
[GameID "722167"]

1. d4 d5 2. Nf3 e6 3. Nc3 Be7 4. Bf4 Nd7 5. Nb5 Bb4+ 6. c3 Ba5 7. b4 Bb6 8. a4 a5 9. e3 Ngf6 10. c4 O-O
11. Qb1 Ne4 12. c5 Ba7 13. Bxc7 Qe7 14. Bd6 Nxd6 15. cxd6 Qf6 16. Nc7 Rb8 17. Bb5 Bb6 18. O-O Bxc7 19. dxc7 Ra8 20. bxa5 Rxa5
21. Bxd7 Bxd7 22. Qxb7 Rc8 23. Ne5 Qe7 24. Nc6 Bxc6 25. Qxc8+ Be8 26. Qb8
1-0

[Event "DIJA DIGA"]
[Site "SchemingMind.com"]
[Date "2022.04.04"]
[Round "-"]
[White "Goz"]
[Black "Kenny Elliott"]
[Result "1-0"]
[WhiteCountry "ENG"]
[BlackCountry "USA"]
[WhiteElo "1407"]
[WhiteRD "75"]
[BlackElo "1538"]
[BlackRD "73"]
[GameID "722168"]

1. d4 d5 2. e3 Nf6 3. Be2 Nc6 4. Nf3 e6 5. O-O Bd6 6. Nbd2 O-O 7. c3 a5 8. a4 b6 9. Bb5 Bd7 10. b3 Qe7
11. Bb2 Na7 12. c4 Nxb5 13. cxb5 Bb4 14. Ne5 Be8 15. Rc1 Bd6 16. f4 Bxe5 17. dxe5 Ng4 18. Rf3 Qh4 19. h3 Nh6 20. Kh2 Rc8
21. Qe1 Qxe1 22. Rxe1 c6 23. bxc6 Bxc6 24. g4 b5 25. axb5 Bxb5 26. Bd4 Rc2 27. Rf2 Rfc8 28. Kg3 Ra2 29. Nb1 Rxf2 30. Kxf2 Rc2+
31. Kg3 Kf8 32. Na3 Rb2 33. Bxb2
1-0

[Event "DIJA DIGA"]
[Site "SchemingMind.com"]
[Date "2022.04.04"]
[Round "-"]
[White "Kenny Elliott"]
[Black "JimM"]
[Result "1-0"]
[WhiteCountry "USA"]
[BlackCountry "USA"]
[WhiteElo "1556"]
[WhiteRD "71"]
[BlackElo "1681"]
[BlackRD "95"]
[GameID "722169"]

1. d4 g6 2. Bf4 Bg7 3. Nc3 a6 4. e4 d6 5. Nf3 e6 6. Bc4 Ne7 7. O-O O-O 8. e5 Nf5 9. Bd3 Nc6 10. Bxf5 exf5
11. Re1 dxe5 12. dxe5 Be6 13. Qe2 Qe7 14. Rab1 Rfd8 15. Bg5 f6 16. exf6 Bxf6 17. Bxf6 Qxf6 18. Qxe6+ Kg7 19. Qxf6+ Kxf6 20. Rbd1 Rf8
21. Nd5+ Kg7 22. Re7+ Kh6 23. Nxc7 Nxe7 24. Nxa8 Rxa8 25. Rd7 Nc6 26. Rxb7 a5 27. a3 Rc8 28. Kf1 Nd8 29. Rd7 Ne6 30. c3 a4
31. Rb7 Nc5 32. Rb5 Nd3 33. Ke2 Nf4+ 34. Kf1 Rd8 35. Rb4 Rd1+ 36. Ne1 Nd3 37. Ke2 Rxe1+ 38. Kxd3 Rb1 39. Kc2 Rf1 40. Rxa4 Rxf2+
41. Kb3 Rxg2 42. Rh4+ Kg7 43. a4 Re2 44. a5 Re4 45. Rxe4 fxe4 46. Kc2 Kf6 47. a6 Kf5 48. Kd2 Kf4 49. a7
1-0

[Event "DIJA DIGA"]
[Site "SchemingMind.com"]
[Date "2022.04.04"]
[Round "-"]
[White "JimM"]
[Black "Kenny Elliott"]
[Result "1-0"]
[WhiteCountry "USA"]
[BlackCountry "USA"]
[WhiteElo "1743"]
[WhiteRD "96"]
[BlackElo "1532"]
[BlackRD "70"]
[GameID "722170"]

1. e4 e5 2. Nf3 Nc6 3. Bc4 Bc5 4. c3 d6 5. d4 exd4 6. cxd4 Bb4+ 7. Nc3 Nf6 8. O-O Bg4 9. h3 Bxf3 10. gxf3 Bxc3
11. bxc3 O-O 12. Bg5 h6 13. Bh4 g5 14. Bg3 Qd7 15. Kg2 a6 16. Rh1 Rac8 17. h4 g4 18. Bd3 h5 19. fxg4 Nxg4 20. Qc2 Kh8
21. Qd2 Rce8 22. Qg5 f6 23. Qxh5+ Kg7 24. e5 fxe5 25. Qh7+
1-0

[Event "DIJA DIGA"]
[Site "SchemingMind.com"]
[Date "2022.04.04"]
[Round "-"]
[White "Kenny Elliott"]
[Black "David Perna-Fraser"]
[Result "0-1"]
[WhiteCountry "USA"]
[BlackCountry "CAN"]
[WhiteElo "1558"]
[WhiteRD "70"]
[BlackElo "2084"]
[BlackRD "89"]
[GameID "722171"]

1. d4 Nf6 2. c4 e6 3. Nf3 Bb4+ 4. Bd2 Qe7 5. c5 Bxd2+ 6. Nbxd2 O-O 7. e3 b6 8. cxb6 axb6 9. Bd3 Bb7 10. O-O Nc6
11. a3 h6 12. b4 e5 13. dxe5 Nxe5 14. Nxe5 Qxe5 15. Nc4 Qg5 16. f3 b5 17. Nd2 Qxe3+ 18. Kh1 Qxd3 19. Rc1 Nd5 20. Rf2 Rfe8
21. Ne4 Qxd1+ 22. Rxd1 Rxa3 23. Rfd2 Nxb4 24. Nc5 Bc6 25. Nxd7 Bxd7 26. Rxd7 Rae3 27. h3 c5 28. Rb7 Re1+ 29. Rxe1 Rxe1+ 30. Kh2 Nd3
31. Rxb5 c4 32. Rb8+ Kh7 33. Rc8 Rc1 34. Rc7 f6 35. Kg3 c3 36. f4 c2 37. Rd7 Rd1
0-1

[Event "DIJA DIGA"]
[Site "SchemingMind.com"]
[Date "2022.04.05"]
[Round "-"]
[White "David Perna-Fraser"]
[Black "Kenny Elliott"]
[Result "1-0"]
[WhiteCountry "CAN"]
[BlackCountry "USA"]
[WhiteElo "2084"]
[WhiteRD "89"]
[BlackElo "1558"]
[BlackRD "70"]
[GameID "722172"]

1. e4 e5 2. Nf3 Nc6 3. Bb5 Nce7 4. Nxe5 c6 5. Bc4 d5 6. exd5 Nxd5 7. O-O Bd6 8. Qh5 Be6 9. Re1 Qf6 10. Nxf7 Nge7
11. Nxd6+ Kd7 12. Ne4 Qd4 13. Bxd5 Bxd5 14. Qg4+ Kc7 15. Qg3+ Kd7 16. Qd6+ Ke8 17. Nc5 Qf6 18. Qxf6 gxf6 19. Nxb7 Rg8 20. g3 Kf7
21. Nd6+ Kg7 22. Rxe7+ Kg6 23. d3
1-0

[Event "DIJA DIGA"]
[Site "SchemingMind.com"]
[Date "2022.04.04"]
[Round "-"]
[White "Kenny Elliott"]
[Black "JAHI"]
[Result "0-1"]
[WhiteCountry "USA"]
[BlackCountry "INT"]
[WhiteElo "1538"]
[WhiteRD "73"]
[BlackElo "2156"]
[BlackRD "66"]
[GameID "722173"]

1. d4 b6 2. e4 Bb7 3. Nc3 e6 4. Nf3 Bb4 5. Bd2 Bxc3 6. Bxc3 Bxe4 7. Bd3 Bxd3 8. Qxd3 d6 9. O-O Kf8 10. Rfe1 Nd7
11. d5 e5 12. Rad1 Ne7 13. Ng5 h6 14. Ne6+ fxe6 15. dxe6 Nc5 16. Qf3+ Kg8 17. Qf7+ Kh7 18. Bxe5 Qf8 19. Qxf8 Rhxf8 20. Bd4 Rae8
21. Bxc5 bxc5 22. c4 Rf4 23. b3 Nc6 24. a3 Rd4 25. Rc1 Ne5 26. Rc3 Kg6 27. h3 Rxe6 28. Rg3+ Kf7 29. Rf1 Nc6 30. f4 Re2
31. f5 Rde4 32. f6 gxf6 33. Rgf3 Re6 34. Rf4 Rb2 35. R1f3 Nd4
0-1

[Event "DIJA DIGA"]
[Site "SchemingMind.com"]
[Date "2022.04.04"]
[Round "-"]
[White "JAHI"]
[Black "Kenny Elliott"]
[Result "1-0"]
[WhiteCountry "INT"]
[BlackCountry "USA"]
[WhiteElo "2156"]
[WhiteRD "66"]
[BlackElo "1538"]
[BlackRD "73"]
[GameID "722174"]

1. e3 e5 2. g3 d5 3. Bg2 Nf6 4. Kf1 Bc5 5. b3 Nc6 6. Bb2 O-O 7. d3 Bd7 8. Nd2 d4 9. e4 a5 10. a3 b5
11. Ne2 b4 12. a4 Qc8 13. Kg1 Bh3 14. Qf1 Bxg2 15. Qxg2 Nd8 16. Re1 Be7 17. h3 c5 18. Rh2 Ne6 19. Kh1 Nd7 20. Rg1 Bg5
21. Nc4 Qc6 22. f3 Nb6 23. Nxe5 Qd6 24. f4 f6 25. Ng4 h5 26. Nf2 Bh6 27. f5 Nc7 28. Nf4 Nd7 29. Nxh5 Ne5 30. h4 Rf7
31. Nf4 Kf8 32. Bc1 Ke7 33. g4 Rg8 34. g5 fxg5 35. hxg5 Bxg5 36. Qxg5+ Ke8 37. Qh5 Kd7 38. Ng4 Nxg4 39. Qxf7+ Kc6 40. Rxg4 Rd8
41. Rg6
1-0

[Event "DIJA DIGA"]
[Site "SchemingMind.com"]
[Date "2022.04.05"]
[Round "-"]
[White "Kenny Elliott"]
[Black "Daniel Dubé"]
[Result "1-0"]
[WhiteCountry "USA"]
[BlackCountry "CAN"]
[WhiteElo "1532"]
[WhiteRD "70"]
[BlackElo "1492"]
[BlackRD "60"]
[GameID "722175"]

1. d4 e6 2. e4 d5 3. exd5 exd5 4. Nf3 Nc6 5. Bb5 Bd6 6. Bxc6+ bxc6 7. Qd3 Ne7 8. O-O O-O 9. Nc3 Bf5 10. Qe2 Ng6
11. Be3 Bg4 12. h3 Bxf3 13. Qxf3 Rb8 14. a3 Rxb2 15. Ne2 Rxc2 16. Ng3 Re8 17. Qd1 Rc4 18. Qb3 Qb8 19. Qd3 Nf4 20. Bxf4 Bxf4
21. Rab1 Qc8 22. Rfc1 Bxg3 23. Qxg3 Qa6 24. Qxc7 h6 25. Rxc4 Qxc4 26. Qxa7 Re4 27. Rb8+
1-0

[Event "DIJA DIGA"]
[Site "SchemingMind.com"]
[Date "2022.04.05"]
[Round "-"]
[White "Daniel Dubé"]
[Black "Kenny Elliott"]
[Result "0-1"]
[WhiteCountry "CAN"]
[BlackCountry "USA"]
[WhiteElo "1492"]
[WhiteRD "60"]
[BlackElo "1532"]
[BlackRD "70"]
[GameID "722176"]

1. d4 d5 2. Nf3 Nf6 3. g3 Nc6 4. Bg2 Bf5 5. O-O Nb4 6. Na3 e6 7. c3 Nc6 8. Bf4 Bxa3 9. bxa3 O-O 10. Ne5 Nxe5
11. Bxe5 Nd7 12. Bf4 Nb6 13. a4 Nc4 14. e4 dxe4 15. Qe2 Nb6 16. Bxe4 Bxe4 17. Qxe4 Nxa4 18. Qc2 Nb6 19. a4 Nd5 20. Bd2 a5
21. f4 Qf6 22. Rab1 b6 23. c4 Qxd4+ 24. Kh1 Ne3 25. Bxe3 Qxe3 26. Rbe1 Qc5 27. f5 e5
0-1

[Event "DIJA DIGA"]
[Site "SchemingMind.com"]
[Date "2022.04.04"]
[Round "-"]
[White "Kenny Elliott"]
[Black "Vanycuba"]
[Result "0-1"]
[WhiteCountry "USA"]
[BlackCountry "CUB"]
[WhiteElo "1538"]
[WhiteRD "73"]
[BlackElo "2232"]
[BlackRD "103"]
[GameID "722177"]

1. e4 c6 2. d4 d5 3. Nc3 dxe4 4. Nxe4 Bf5 5. Ng3 Bg6 6. Nf3 Nd7 7. Bd3 Bxd3 8. Qxd3 Ngf6 9. O-O e6 10. Bg5 Be7
11. Rad1 O-O 12. c3 h6 13. Bxf6 Nxf6 14. Ne5 Bd6 15. f4 Qc7 16. a3 c5 17. Qf3 cxd4 18. cxd4 Rac8 19. Ne4 Nxe4 20. Qxe4 Rfe8
21. Rf3 Qc2 22. Rdf1 Qxe4
0-1

[Event "DIJA DIGA"]
[Site "SchemingMind.com"]
[Date "2022.04.04"]
[Round "-"]
[White "Vanycuba"]
[Black "Kenny Elliott"]
[Result "1-0"]
[WhiteCountry "CUB"]
[BlackCountry "USA"]
[WhiteElo "2175"]
[WhiteRD "107"]
[BlackElo "1515"]
[BlackRD "74"]
[GameID "722178"]

1. e4 c5 2. Nc3 e5 3. Bc4 Nf6 4. Nf3 h6 5. Nxe5 Qc7 6. Bxf7+ Kd8 7. Ng6 Rh7 8. Nxf8 Ke7 9. Nxh7 Kxf7 10. Nxf6 gxf6
11. Qh5+ Kg7 12. d4
1-0

[Event "DIJA DIGA"]
[Site "SchemingMind.com"]
[Date "2022.04.03"]
[Round "-"]
[White "Louis Lima"]
[Black "Derek Price"]
[Result "0-1"]
[WhiteCountry "ESP"]
[BlackCountry "ENG"]
[WhiteElo "1873"]
[WhiteRD "67"]
[BlackElo "2344"]
[BlackRD "73"]
[GameID "722179"]

1. e4 c5 2. Nc3 Nc6 3. Bb5 Nd4 4. Bc4 e6 5. Nge2 Nf6 6. O-O a6 7. a4 d5 8. exd5 exd5 9. Ba2 Be7 10. d3 Nxe2+
11. Qxe2 Be6 12. Bg5 O-O 13. Qf3 Rb8 14. Bf4 Bd6 15. Bxd6 Qxd6 16. a5 b6 17. axb6 Rxb6
0-1

[Event "DIJA DIGA"]
[Site "SchemingMind.com"]
[Date "2022.04.03"]
[Round "-"]
[White "Derek Price"]
[Black "Louis Lima"]
[Result "1-0"]
[WhiteCountry "ENG"]
[BlackCountry "ESP"]
[WhiteElo "2344"]
[WhiteRD "73"]
[BlackElo "1873"]
[BlackRD "67"]
[GameID "722180"]

1. c4 c5 2. Nf3 g6 3. g3 Bg7 4. Bg2 Nc6 5. O-O e6 6. Nc3 Nge7 7. d3 O-O 8. Bd2 d5 9. e4 dxc4 10. dxc4 Nd4
11. Nxd4 cxd4 12. Na4 e5 13. b3 a5 14. Rc1 b6 15. c5 bxc5 16. Rxc5 Qd6 17. Qc2 Ba6 18. Rc1
1-0

[Event "DIJA DIGA"]
[Site "SchemingMind.com"]
[Date "2022.04.03"]
[Round "-"]
[White "Louis Lima"]
[Black "Goz"]
[Result "1-0"]
[WhiteCountry "ESP"]
[BlackCountry "ENG"]
[WhiteElo "1782"]
[WhiteRD "69"]
[BlackElo "1407"]
[BlackRD "75"]
[GameID "722183"]

1. e4 e5 2. Nf3 d6 3. Bc4 h6 4. d4 Bg4 5. dxe5 Bxf3 6. Qxf3 Qe7 7. exd6 cxd6 8. O-O Nd7 9. Nc3 Ngf6 10. Nd5 Qe5
11. Nc7+ Kd8 12. Nxa8 Qe7 13. Bd3 Ne5 14. Qe3 b6 15. Nxb6 axb6 16. Qxb6+ Qc7 17. Qxc7+ Kxc7 18. Bd2 Kd7 19. a4 Nxd3 20. cxd3 Be7
21. a5 Ra8 22. a6 Ne8 23. a7 Nc7 24. b4 Nb5 25. Be3 Kc7 26. Ra5 Nxa7 27. Rxa7+ Rxa7 28. Bxa7 Kb7 29. Bd4 f6 30. b5 Bd8
31. b6 Bxb6 32. Rb1
1-0

[Event "DIJA DIGA"]
[Site "SchemingMind.com"]
[Date "2022.04.04"]
[Round "-"]
[White "Goz"]
[Black "Louis Lima"]
[Result "0-1"]
[WhiteCountry "ENG"]
[BlackCountry "ESP"]
[WhiteElo "1407"]
[WhiteRD "75"]
[BlackElo "1782"]
[BlackRD "69"]
[GameID "722184"]

1. d4 d6 2. e4 Nf6 3. Nd2 e5 4. d5 Be7 5. h3 O-O 6. Bd3 c6 7. c4 cxd5 8. cxd5 Nbd7 9. Ne2 Nc5 10. Bc2 a5
11. a4 Bd7 12. b3 b5 13. O-O Qc7 14. Ng3 b4 15. Nc4 Ne8 16. Qf3 Bh4 17. Nf5 Bxf5 18. Qxf5 g6 19. Qg4 Bf6 20. Bh6 Bg7
21. Bxg7 Nxg7 22. f4 f5 23. exf5 gxf5 24. Bxf5 Rxf5 25. fxe5 Rxf1+ 26. Rxf1 dxe5 27. Rf6 Nxb3 28. d6 Qc5+ 29. Kh2 Nd4 30. Nd2 Rd8
31. Ne4 Qc6 32. Qh4 Rf8 33. Rxf8+ Kxf8 34. Qd8+ Qe8 35. Qxa5 b3 36. Qb6 Nge6 37. Nf6 Qxa4 38. Nxh7+ Kg7 39. Qb7+ Kg6 40. Qe4+ Kg7
41. Ng5 Nxg5 42. Qxe5+ Kg6 43. h4 Ngf3+
0-1

[Event "DIJA DIGA"]
[Site "SchemingMind.com"]
[Date "2022.04.03"]
[Round "-"]
[White "Louis Lima"]
[Black "JAHI"]
[Result "0-1"]
[WhiteCountry "ESP"]
[BlackCountry "INT"]
[WhiteElo "1873"]
[WhiteRD "67"]
[BlackElo "2138"]
[BlackRD "64"]
[GameID "722189"]

1. b3 b6 2. Bb2 Bb7 3. Nf3 a6 4. d3 a5 5. Nbd2 a4 6. bxa4 Rxa4 7. c4 Ra7 8. d4 e6 9. e4 Bb4 10. Qb3 Bxd2+
11. Nxd2 Kf8 12. d5 d6 13. e5 exd5 14. cxd5 dxe5 15. Bc4 Nd7 16. Ba3+ Ne7 17. d6 cxd6 18. Bxf7 Rxa3
0-1

[Event "DIJA DIGA"]
[Site "SchemingMind.com"]
[Date "2022.04.03"]
[Round "-"]
[White "JAHI"]
[Black "Louis Lima"]
[Result "1-0"]
[WhiteCountry "INT"]
[BlackCountry "ESP"]
[WhiteElo "2138"]
[WhiteRD "64"]
[BlackElo "1873"]
[BlackRD "67"]
[GameID "722190"]

1. e3 g6 2. g3 Bg7 3. Bg2 e6 4. Kf1 Ne7 5. h3 c5 6. h4 h5 7. Nh3 Nbc6 8. Kg1 d5 9. Qf1 e5 10. Nc3 e4
11. d3 f5 12. Bd2 O-O 13. Re1 exd3 14. cxd3 d4 15. exd4 cxd4 16. Ne2
1-0

[Event "DIJA DIGA"]
[Site "SchemingMind.com"]
[Date "2022.04.05"]
[Round "-"]
[White "Louis Lima"]
[Black "Daniel Dubé"]
[Result "0-1"]
[WhiteCountry "ESP"]
[BlackCountry "CAN"]
[WhiteElo "1782"]
[WhiteRD "69"]
[BlackElo "1637"]
[BlackRD "54"]
[GameID "722191"]

1. d4 e6 2. e4 d5 3. Nc3 Nf6 4. Bg5 Bb4 5. exd5 Qxd5 6. Bxf6 gxf6 7. Ne2 Nc6 8. Qd2 Bxc3 9. Nxc3 Qxd4 10. Bd3 Bd7
11. O-O-O O-O-O 12. Rhe1 Ne5 13. Re4 Nxd3+ 14. cxd3 Qd6 15. g3 Bc6
0-1

[Event "DIJA DIGA"]
[Site "SchemingMind.com"]
[Date "2022.04.05"]
[Round "-"]
[White "Daniel Dubé"]
[Black "Louis Lima"]
[Result "1-0"]
[WhiteCountry "CAN"]
[BlackCountry "ESP"]
[WhiteElo "1637"]
[WhiteRD "54"]
[BlackElo "1782"]
[BlackRD "69"]
[GameID "722192"]

1. e4 d6 2. Nf3 Nf6 3. Nc3 e5 4. d4 Nbd7 5. Bc4 Be7 6. dxe5 dxe5 7. O-O O-O 8. Qe2 c6 9. Rd1 Qc7 10. h3 Nc5
11. Bg5 b5 12. Bb3 b4 13. Na4 Ncxe4 14. Bxf6 Nxf6 15. Qxe5 Qxe5 16. Nxe5
1-0

[Event "DIJA DIGA"]
[Site "SchemingMind.com"]
[Date "2022.04.03"]
[Round "-"]
[White "Louis Lima"]
[Black "Vanycuba"]
[Result "0-1"]
[WhiteCountry "ESP"]
[BlackCountry "CUB"]
[WhiteElo "1873"]
[WhiteRD "67"]
[BlackElo "2175"]
[BlackRD "107"]
[GameID "722193"]

1. e4 c5 2. d4 cxd4 3. c3 dxc3 4. Nxc3 e6 5. Nf3 Nc6 6. Bc4 a6 7. O-O b5 8. Bb3 Bb7 9. Qe2 Rc8 10. Rd1 Bc5
11. Be3 Bxe3 12. Qxe3 Na5 13. Rac1 Nf6 14. e5 Nxb3 15. axb3 Nd5 16. Nxd5 Bxd5 17. b4 Rxc1 18. Rxc1 O-O 19. Nd4 f6 20. f4 fxe5
21. fxe5 Qe7 22. Qd2 Qh4
0-1

[Event "DIJA DIGA"]
[Site "SchemingMind.com"]
[Date "2022.04.03"]
[Round "-"]
[White "Vanycuba"]
[Black "Louis Lima"]
[Result "1-0"]
[WhiteCountry "CUB"]
[BlackCountry "ESP"]
[WhiteElo "2175"]
[WhiteRD "107"]
[BlackElo "1873"]
[BlackRD "67"]
[GameID "722194"]

1. e4 c5 2. Nc3 g6 3. Nf3 Bg7 4. d4 cxd4 5. Nxd4 Nc6 6. Be3 Nf6 7. Bc4 O-O 8. Bb3 a5 9. O-O d6 10. Ndb5 b6
11. a4 Ba6 12. f4 Nd7 13. Qf3 Rc8 14. Rad1 Nc5 15. e5 Nxb3 16. cxb3 Bxb5 17. Nxb5 Nb4 18. exd6 Bxb2 19. f5 Rc2 20. Bh6
1-0

[Event "DIJA DIGA"]
[Site "SchemingMind.com"]
[Date "2022.04.04"]
[Round "-"]
[White "Derek Price"]
[Black "Don71"]
[Result "1-0"]
[WhiteCountry "ENG"]
[BlackCountry "NIR"]
[WhiteElo "2377"]
[WhiteRD "72"]
[BlackElo "2374"]
[BlackRD "110"]
[GameID "722195"]

1. c4 e5 2. Nc3 Nf6 3. Nf3 Nc6 4. g3 d5 5. cxd5 Nxd5 6. Bg2 Nxc3 7. bxc3 e4 8. Ng1 Bf5 9. Qa4 Qf6 10. Bxe4 Bc5
11. Bxf5 Qxf5 12. Qf4 Qd5 13. Qf3 Qd7 14. d4 O-O-O 15. Kf1 Bb6 16. Kg2 Rhe8 17. Bf4 Qe6 18. Qd3 h6 19. h4 f6 20. h5 Ne5
21. Qe4 f5 22. Qc2 Nc4 23. e3 Qd5+ 24. Nf3 Ba5 25. Rac1 Re6 26. Be5 Rf8 27. Rh4 Re7 28. Rf4 Ref7 29. Kg1 c6 30. Rd1 b5
31. Nh4 Qd7 32. Ng6 Re8 33. Nh4 Ref8 34. a4 Kb7 35. axb5 cxb5 36. e4 fxe4 37. Qxe4+ Qc6 38. d5 Qe8 39. Ng6 Rxf4 40. gxf4 Qd7
41. d6+ Ka6 42. Qf3 Rc8 43. Ne7 Nxe5 44. fxe5 Rxc3 45. Qf5 Qxf5 46. Nxf5 Rc5 47. f4 Bb6 48. Kg2 Rc2+ 49. Kf3 Rf2+ 50. Kg4
1-0

[Event "DIJA DIGA"]
[Site "SchemingMind.com"]
[Date "2022.04.03"]
[Round "-"]
[White "Derek Price"]
[Black "Goz"]
[Result "1-0"]
[WhiteCountry "ENG"]
[BlackCountry "ENG"]
[WhiteElo "2334"]
[WhiteRD "74"]
[BlackElo "1407"]
[BlackRD "75"]
[GameID "722197"]

1. c4 e5 2. Nc3 Nf6 3. Nf3 d6 4. g3 Be6 5. b3 c6 6. Bg2 Be7 7. O-O O-O 8. d4 e4 9. Ng5 Bf5 10. Ngxe4 Nbd7
11. Nxf6+ Nxf6 12. e4 Bg4 13. Qd3 a6 14. h3 Bh5 15. f4 Ng4 16. hxg4 Bxg4 17. f5 Bg5 18. Bxg5 Qxg5 19. Rf4 f6 20. Raf1 h5
21. Nd1 Bxd1 22. Rxd1 Kf7 23. c5 Ke7 24. cxd6+ Kxd6 25. e5+ Kc7 26. e6 Kd6 27. Qc3 Rac8 28. Qc5+ Kc7 29. d5 h4 30. Rb4 Kb8
31. Rxb7+ Kxb7 32. dxc6+ Kb8 33. Qb6+
1-0

[Event "DIJA DIGA"]
[Site "SchemingMind.com"]
[Date "2022.04.04"]
[Round "-"]
[White "Goz"]
[Black "Derek Price"]
[Result "0-1"]
[WhiteCountry "ENG"]
[BlackCountry "ENG"]
[WhiteElo "1407"]
[WhiteRD "75"]
[BlackElo "2334"]
[BlackRD "74"]
[GameID "722198"]

1. d4 d5 2. e3 Nf6 3. Be2 e6 4. c3 Bd6 5. Nd2 O-O 6. Ngf3 b6 7. O-O Bb7 8. Qc2 c5 9. Bd3 Nbd7 10. a3 Rc8
11. e4 cxd4 12. Nxd4 dxe4 13. Nxe4 Nxe4 14. Bxe4 Bxe4 15. Qxe4 Qc7 16. g3 Qc5 17. Be3 Nf6 18. Qh4 Qd5 19. f4 Rfd8 20. Rad1 Bc5
21. Qh3 h5 22. Rde1 Ng4 23. Qg2 Nxe3 24. Qxd5 Nxd5 25. Kg2 Bxd4 26. cxd4 Ne7 27. Re4 Nf5 28. Rd1 Rc2+ 29. Kh3 Rxb2 30. Rd3 Rc8
31. d5 Rcc2
0-1

[Event "DIJA DIGA"]
[Site "SchemingMind.com"]
[Date "2022.04.04"]
[Round "-"]
[White "Derek Price"]
[Black "JimM"]
[Result "1-0"]
[WhiteCountry "ENG"]
[BlackCountry "USA"]
[WhiteElo "2352"]
[WhiteRD "69"]
[BlackElo "1701"]
[BlackRD "100"]
[GameID "722199"]

1. c4 e5 2. Nc3 Nf6 3. Nf3 e4 4. Ng5 b5 5. Ngxe4 Nxe4 6. Nxe4 bxc4 7. Nc3 d5 8. g3 Bc5 9. Bg2 c6 10. O-O Bg4
11. b3 cxb3 12. axb3 O-O 13. h3 Bh5 14. Ba3 Qd6 15. Bxc5 Qxc5 16. Qb1 Bg6 17. b4 Bxb1 18. bxc5 Bf5 19. Nxd5 Kh8 20. Nc7
1-0

[Event "DIJA DIGA"]
[Site "SchemingMind.com"]
[Date "2022.04.05"]
[Round "-"]
[White "JimM"]
[Black "Derek Price"]
[Result "0-1"]
[WhiteCountry "USA"]
[BlackCountry "ENG"]
[WhiteElo "1743"]
[WhiteRD "96"]
[BlackElo "2340"]
[BlackRD "70"]
[GameID "722200"]

1. e4 c5 2. Nf3 d6 3. d4 cxd4 4. Nxd4 Nf6 5. Nc3 a6 6. f3 e5 7. Nf5 Bxf5 8. exf5 Be7 9. Bc4 Nc6 10. Be3 O-O
11. Qd2 b5 12. Bd5 Rc8 13. O-O Nb4 14. Bb3 d5 15. Bf2 d4 16. Ne4 Nc6 17. Rad1 Nxe4 18. fxe4 Na5 19. c3 Nxb3 20. axb3 dxc3
21. Qxd8 Rfxd8 22. Rxd8+ Bxd8 23. Rc1 cxb2
0-1